Online
Catalog

Práctica universal forense de los tribunales superiores é interiores de España, y de las indias / (Record no. 35294)

MARC details
000 -CABECERA
campo de control de longitud fija 00675nam a2200181 a 4500
001 - NÚMERO DE CONTROL
campo de control 000035803
005 - FECHA Y HORA DE LA ÚLTIMA TRANSACCIÓN
campo de control 20200930074626.0
008 - DATOS DE LONGITUD FIJA--INFORMACIÓN GENERAL
campo de control de longitud fija 110901s1788 es 000 0 spa d
040 ## - FUENTE DE LA CATALOGACIÓN
Centro catalogador/agencia de origen DO-SdBNP
Lengua de catalogación spa
Centro/agencia transcriptor BNPHU
049 ## - FONDOS LOCALES (OCLC)
Fondos de biblioteca BNPD
100 1# - ENTRADA PRINCIPAL--NOMBRE DE PERSONA
Nombre de persona Elizondo, Francisco Antonio de.
9 (RLIN) 59095
245 10 - MENCIÓN DE TÍTULO
Título Práctica universal forense de los tribunales superiores é interiores de España, y de las indias /
Mención de responsabilidad, etc. su autor don Francisco Antonio de Elizondo.
250 ## - MENCIÓN DE EDICIÓN
Mención de edición 3a ed.
260 ## - PUBLICACIÓN, DISTRIBUCIÓN, ETC.
Lugar de publicación, distribución, etc. Madri :
Nombre del editor, distribuidor, etc. Imprenta de Don Pedro Marín,
Fecha de publicación, distribución, etc. 1788.
300 ## - DESCRIPCIÓN FÍSICA
Extensión v. ;
Dimensiones 21 cm.
500 ## - NOTA GENERAL
Nota general La biblioteca posee el v. 3
500 ## - NOTA GENERAL
Nota general Incluye referencias bibliográficas y notas al pie de las páginas
Holdings
Estado de retiro Estado de pérdida Restricciones de uso No para préstamo Código de colección Localización permanente Ubicación/localización actual Ubicación en estantería Fecha de adquisición Número de inventario Total de préstamos Signatura topográfica completa Código de barras Fecha visto por última vez Precio válido a partir de Tipo de ítem Koha
        Monografías: Libros y Folletos General General Orden iniciada 14.11.2011 LF1   35803-10 25.06.2020 25.06.2020 No se presta

Powered by Koha